000 00420nam a2200145 a 4500
005 20140310183138.0
008 020819s19uu xx 00 eng d
050 _aHF 5415.1
_bIn53 1988
245 _aThe Best of Inc. guide to marketing and selling /
_cThe editors of Inc. magazine.
300 _a281 p. ;
_c24 cm.
650 _aMarketing
650 _aMarketing
_xmanagement
942 _cBK
_2lcc
_kFOR
999 _c19337
_d19337